| 000 | 01056nam a2200253Ia 4500 | ||
|---|---|---|---|
| 003 | Ost | ||
| 005 | 20260507075215.0 | ||
| 008 | 260507s9999||||xx |||||||||||||| ||und|| | ||
| 020 | _a62935266919 | ||
| 040 | _cfsecg | ||
| 041 | _aara | ||
| 082 | _a330 | ||
| 100 |
_aبلحيمر، ابراهيم _eمؤلف |
||
| 245 | 0 |
_aأسس التسويق / _c ابراهيم بلحيمر |
|
| 260 |
_aالجزائر: _bدار الخلدونية, _c2010 |
||
| 300 |
_a271 صفحة؛ _c24 سم |
||
| 504 | _aمراجع ص.264 | ||
| 520 | _aمدخل الى التسويق ، البيئة التسويقية ، تحليل السوق ، نظام المعلومات التسويقية ، بحوث التسويق ، المنتج ، تصنيف المنتجات ، استراتيجيات المنتج ، تطوير المنتجات الجديدة ، التسعير و استراتجياته ، التوزيع ، الترويج . | ||
| 653 | _aالترويج | ||
| 653 | _aالتسويق | ||
| 653 | _aالتوزيع | ||
| 653 | _aالسوق | ||
| 942 | _cكتاب | ||
| 999 |
_c43493 _d43493 |
||